Mindent kerül, ami hamis Pozsonyban, az A 4-es tér Magyar képek című sorozatában Oláh Lehel Gubera című filmjét is bemutatták

Bibliographic Details
Main Author: Szabó, László G., 1955- (Author)
Format: Article
Language:Hungarian
PhysicalDescription:Fotogr.
Subjects:

MARC

LEADER 00000nab a2200000 ar4500
001 vtls008901723
003 SK-MaSNL
005 20260319071404.0
008 061127c20061124xo |||||||| 000 b|hun
015 |a SNBRB2006/11  |2 snkbucl 
038 |a SNKBUCL 
040 |a DSZK  |b slo  |c DSZK  |e AACR2 
041 0 |a hun 
044 |a xo  |c SK 
080 |a 791.44.071.2  |2 1997 
100 1 |a Szabó, László G.,  |d 1955-   |4 aut  |9 840019 
245 1 0 |a Mindent kerül, ami hamis  |b Pozsonyban, az A 4-es tér Magyar képek című sorozatában Oláh Lehel Gubera című filmjét is bemutatták  |c Szabó G. László 
300 |b Fotogr. 
600 1 7 |a Oláh, Lehel  |2 snkbucl  |9 1070144 
773 0 |t Új szó  |g Évf. 59, sz. 270 (24.11.2006), o. 9 
852 |a SNK  |b KIS3GCP 
852 |a DSZK  |b KIS3GCP 
958 |a HU 
958 |a BC 
999 |c 1759944  |d 1761874